| 000 | 00560nam a22001937a 4500 | ||
|---|---|---|---|
| 003 | OSt | ||
| 005 | 20170310164438.0 | ||
| 008 | 170310b xxu||||| |||| 00| 0 eng d | ||
| 020 | _a0521687934 | ||
| 040 | _c040a | ||
| 082 |
_aWY 100 _bC615 2005 |
||
| 245 |
_aClient profiles in nursing : _badults and the elderly / _cP. Simpson, T. Okubadejo |
||
| 260 |
_aCambridge _bCambridge University press _c2005 |
||
| 300 |
_ax, 341p; _bill : _c15 cm. |
||
| 650 |
_aNursing _9135 |
||
| 700 |
_aSimpson, P. _911828 |
||
| 700 |
_aOkubadejo, T. _911829 |
||
| 942 |
_2z _cO_SHELF |
||
| 999 |
_c5676 _d5676 |
||